Datum a čas kvízu
22.5
Celkem bodů
Celkový počet nahraných bodů na tomto kvízu bez doplňovacích otázek.
9.
Pořadí na kvízu
Konečné umístění týmu na tomto kvízu.
Zaznamenané odpovědi
| # | Otázka | Odpověď | Body | Výsledky |
|---|---|---|---|---|
| 1. | Nejvlivnější ženou Česka podle... | Lenka Bradáčová | 0 | |
| 2. | Dvanáctiletý londýnský kocour... | lehl si pod prezidentskou limuzínu | 0 | |
| 3. | Minulý týden se vrátil do kin... | Hana Brejchová | 0 | |
| 4. | Americký fond General Atlantic... | Kiwi.com | 1 | |
| 5. | Minulý týden jsme se dozvěděli... | HC Verva Litvínov, HC Sparta Praha | 0.5 | |
| 6. | Na každé písmeno abecedy exist... | geologie | 1 | |
| 5. | Tentokrát nás bude zajímat náz... | genealogie | 1 | |
| 8. | Uveďte název nauky o tvaru Zem... | geomorfologie | 0 | |
| 5. | Jaký je název lékařského oboru... | geriatrie | 1 | |
| 5. | Nyní se zeptáme na název oboru... | genologie | 1 |